Statistics for Biggest City in each U.S. State by Letter E

Click here to take the quiz!

General Stats

  • This quiz has been taken 623 times
  • The average score is 6 of 12

Answer Stats

StatePopulationCity% Correct
Texas649,121El Paso
95%
Oregon156,185Eugene
88%
Pennsylvania97,369Erie
72%
Indiana117,429Evansville
66%
Wisconsin65,883Eau Claire
59%
New Jersey124,969Elizabeth
58%
Washington103,019Everett
53%
Illinois108,188Elgin
46%
California153,015Elk Grove
38%
Oklahoma81,405Edmond
31%
Ohio53,131Elyria
20%
Minnesota64,206Eagan
17%

Score Distribution

Percentile by Number Answered

Percent of People with Each Score

Your Score History

You have not taken this quiz